Qué equipos de Fórmula 1 tenían un campeón del mundo en el equipo? - Estadísticas

Estadísticas generales
  • Esta prueba ha sido intentada 168 veces
  • La puntuación promedio es 6 de 16
Estadísticas de respuestas
Hint Respuesta % Correcto
Ferrari
96%
Mercedes
91%
McLaren
85%
Williams
67%
Lotus
46%
1950 Alfa Romeo
37%
2024 Red Bull Racing
29%
Benetton
28%
Brabham
22%
Tyrrell
17%
Brawn GP
16%
Maserati
16%
BRM
9%
Cooper
9%
Matra
9%
Renault F1 Team
6%
No se encontraron pruebas coincidentes
Distribución de puntuación
Porcentaje de gente con cada puntuación
Porcentaje por número respondido
Historial de tus puntuaciones
No has intentado esta prueba.